000 01200cam a2200301 i 4500
001 49407
003 Mx-PuUPA
005 20250627121910.0
008 140415s2000 mx frd 001 0 eng d
020 _a9702400619
_qpasta dura
040 _aMx-PuUPA
_bspa
_cMx-PuUPA
_dMx-PuUPA
_erda
041 1 _aesp
_heng
100 1 _aBlanes Prieto, Joaquín,
_eautor
_98244
245 1 0 _aDiccionario de términos contables :
_binglés-español español-inglés = Dictionary of accounting terms : english-spanish and spanish-english /
_cJoaquín Blanes Prieto
246 3 1 _aDictionary of accounting terms :
_benglish-spanish and spanish-english
250 _aCuarta edición
264 4 _aMéxico D.F. :
_bCompañía Editorial Continental,
_c©2000
300 _a354 páginas ;
_c24 cm
336 _2rdacontent
_atexto
_btxt
337 _2rdamedia
_asin medio
_bn
338 _2rdacarrier
_avolumen
_bnc
650 7 _aContabilidad
_vDiccionarios y enciclopedias
_2armarc
650 7 _aTerminología financiera
_2armarc
942 _2ddc
_cLI
_iB627
_kB627
_h657.03
999 _c49407
_d49407